00565cam a22002291 4500001001300000003000400013005001700017008004100034010001700075035002000092040001800112042001200130050001800142100003600160245002400196260001100220300001700231500001600248504003800264600001600302999001700318sa 68010798 DLC20260227112555.0890725m19689999ii b 000 0 maro  asa 68010798  a(OCoLC)20068865 aDLCcWaUdDLC apremarc00aJA98.K38bH371 aHardas, Balshastri,d1918-1968.10aĀrya Cāṇakya. c[1968- a1 v.c23 cm. aIn Marathi. aBibliography: v. 1: p. [348]-352.00aKauṭalya. c83556d83556